00531 2200193 4500245004300000020002200043250001100065100001900076700003100095700003400126700001600160650002100176005001900197260005900216041001400275084001000289300002900299336000900328 aKamus PariwisatacDewi Eka ArinihText a978-602-437-552-2 aCet. 1 aDewi Eka Arini aHernovindawaty Warganegara aDenny Christian Simanungkalit aDora Amalia aKamus Pariwisata a20230411104027 aJakartabBadan Pengembangan Bahasa dan Perbukuanc2018 aIndonesia a413.1 aviii, 169 hlm. :c22 cm. atext